Postavenie a úlohy hospodárskej diplomacie v systéme diplomatických vzťahov SR diplomová práca

Guardado en:
Detalles Bibliográficos
Autor principal: Mikulajová, Silvia
Autor Corporativo: Fakulta medzinárodných vzťahov EU. Katedra medzinárodných ekonomických vzťahov a hospodárskej diplomacie
Otros Autores: Tóth, Ľudovít
Formato: Libro
Lenguaje:eslovaco
Publicado: Bratislava 2009
Etiquetas: Agregar Etiqueta
Sin Etiquetas, Sea el primero en etiquetar este registro!

MARC

LEADER 00000nam$a2200000$$$4500
001 0097178
005 20240318140907.7
041 0 |a slo 
044 |a SK 
245 1 0 |a Postavenie a úlohy hospodárskej diplomacie v systéme diplomatických vzťahov SR  |b diplomová práca  |c Silvia Mikulajová ; škol. Ľudovít Tóth 
264 1 |a Bratislava  |c 2009 
300 |a 71 s. 
100 1 |a Mikulajová, Silvia 
700 1 |a Tóth, Ľudovít 
710 2 |a Fakulta medzinárodných vzťahov EU. Katedra medzinárodných ekonomických vzťahov a hospodárskej diplomacie